000 00646nab a2200193 4500
001 244442
003 OSt
005 20250910134228.0
007 tu
008 200917s2020|||||||
040 _aDE-2950
_cDE-2950
245 0 0 _aAlte Zeiten lassen grüßen
_bHobby. Hunderte Besucher kamen zum traditionellen Oldtimer-Treffen nach Hohenwalde, um Trabis, Traktoren und gepflegte Uralt-Karossen zu bestaunen/.
_cJörg Kotterba
264 _c2025
653 _aFrankfurt (Oder)
653 _aHohenwalde
653 _aOldtimer-Treffen
773 0 _g36. Jahrgang (2025) Nr. 209 vom 08.09.2025, S. 14 mit Foto
_tMärkische Oderzeitung
942 _2z
_cA
999 _c374005
_d374005